01139nam a2200205Ia 450000500170000000800410001702000180005805000240007610000380010024500890013825000180022726000500024530000180029550000960031350000770040950400340048650503180052065000410083865000540087920231102151113.0120626s2010 mx 000 0 spa d a9683687265313 aHJ5715.M4bS35 2010 aSánchez Miranda, Arnulfodautor aAplicación práctica del impuesto al valor agregadoc / Arnulfo Sánchez Miranda a5a. edición aMéxicob : Ediciones Fiscales ISEFc , 2010 a222 páginas aEn portada: Con casos prácticos para la fácil comprensión de este importante impuesto aIncluye: Datos del autor Dedicatoria Índice de contenido Abreviaturas  aBibliografía (página 223) aEstructura general y características de la LIVA para su estricta apliación Los elementos de la relación tributaria del IVA Calculo mensual del impuesto IVA por enajenación de bienes IVA por la prestación de servicios Panorama general del comercio exterior Temas especiales Obligaciones en materia de IVA 0aIMPUESTO AL VALOR AGREGADOxMANUALES 0aIMPUESTO AL VALOR AGREGADOxLEYES - LEGISLACIÓN